000 00264nam a22001217a 4500
008 170614b xxu||||| |||| 00| 0 eng d
041 _aeng
080 _a327
100 _a19
101 _ashp
245 _aINTERNATIONAL NEGOTIATION
_cFISHER, G
942 _2udc
_cBK
999 _c17343
_d17343